| 000 | 00864nas a2200265 4500 | ||
|---|---|---|---|
| 001 | BR2013007489 | ||
| 003 | BR-BrBNA | ||
| 005 | 20231205123013.0 | ||
| 007 | ta | ||
| 008 | 230509b bl.|||p| |||| 00| 00por d | ||
| 040 |
_aBR-BrBNA _bpor _cBiblioteca Nacional de Agricultura |
||
| 041 | _a(En) | ||
| 072 | _aQ04; Q02 | ||
| 100 | 1 | _aLuzia, D.M.M. | |
| 100 | 1 | _aJorge, N. | |
| 245 | 1 | _aAntioxidant activity, fatty acid profile and tocopherols of Tamarindus indica L. seeds | |
| 650 | _aANTIOXIDANTE | ||
| 650 | _aÁCIDO GRAXO | ||
| 650 | _aCROMATOGRAFIA GASOSA | ||
| 650 | _aANÁLISE QUÍMICA | ||
| 773 | 0 |
_tCiência e Tecnologia de Alimentos (Brazil) _xISSN 1678-457X _g(Apr-Jun 2011), v. 31(2) p. 497-501 _wBR2013007489 |
|
| 856 | 4 | 0 | _uhttp://www.scielo.br/pdf/cta/v31n2/v31n2a34.pdf |
| 909 |
_a202311 _bLúcia _c55 _dLúcia Elande |
||
| 942 |
_2AGRIS _n0 _cANA |
||
| 999 |
_c231720 _d231720 |
||